000 00613nam a2200229Ia 4500
003 OSt
005 20220928143201.0
006 a|||||r|||| 00| 0
007 ta
008 220927b |||||||| |||| 00| 0 eng d
024 _a21372
037 _cTextual
040 _aSDCL
_cSDCL
_beng
041 _2eng
_aeng
082 _aO-,2J64,18:g, L9
100 _aShakespeare William
245 0 _aMidsummer night's dream.
260 _c1979
700 _a Brooks Harold F Ed.
_9493367
942 _hO-,2J64,18:g, L9
_cTEXL
_2CC
999 _c823413
_d823413